000
00470nam a2200169Ia 4500
008
090711s9999 xx 000 0 und d
082
_b
40055
100
_a
देशपांडे वा. ह.
245
_a
आलापिनी
260
_c
1979
300
_a
176
600
_a
देशपांडे वा. ह.
630
_a
आलापिनी
700
_a
देशपांडे वा. ह.
730
_a
आलापिनी
942
_c
BOOK
999
_c
285990
_d
285990